<?xml version="1.0" encoding="UTF-8"?>
<collection xmlns="http://www.loc.gov/MARC21/slim">
 <record>
  <leader>03519cam a2200685   4500</leader>
  <controlfield tag="001">224586378</controlfield>
  <controlfield tag="003">DE-627</controlfield>
  <controlfield tag="005">20240320183335.0</controlfield>
  <controlfield tag="007">tu</controlfield>
  <controlfield tag="008">970219s1997    sz |||||      00| ||ger c</controlfield>
  <datafield tag="015" ind1=" " ind2=" ">
   <subfield code="a">97,N09,1196</subfield>
   <subfield code="2">dnb</subfield>
  </datafield>
  <datafield tag="015" ind1=" " ind2=" ">
   <subfield code="a">97,A20,1702</subfield>
   <subfield code="2">dnb</subfield>
  </datafield>
  <datafield tag="016" ind1="7" ind2=" ">
   <subfield code="a">949430412</subfield>
   <subfield code="2">DE-101</subfield>
  </datafield>
  <datafield tag="020" ind1=" " ind2=" ">
   <subfield code="a">3717582267</subfield>
   <subfield code="c"> (Gewebe)</subfield>
   <subfield code="9">3-7175-8226-7</subfield>
  </datafield>
  <datafield tag="020" ind1=" " ind2=" ">
   <subfield code="a">3717582275</subfield>
   <subfield code="c"> (Ldr.)</subfield>
   <subfield code="9">3-7175-8227-5</subfield>
  </datafield>
  <datafield tag="024" ind1="3" ind2=" ">
   <subfield code="a">9783717582267</subfield>
  </datafield>
  <datafield tag="035" ind1=" " ind2=" ">
   <subfield code="a">(DE-627)224586378</subfield>
  </datafield>
  <datafield tag="035" ind1=" " ind2=" ">
   <subfield code="a">(DE-576)05749990X</subfield>
  </datafield>
  <datafield tag="035" ind1=" " ind2=" ">
   <subfield code="a">(DE-599)GBV224586378</subfield>
  </datafield>
  <datafield tag="035" ind1=" " ind2=" ">
   <subfield code="a">(OCoLC)243854839</subfield>
  </datafield>
  <datafield tag="035" ind1=" " ind2=" ">
   <subfield code="a">(OCoLC)57740031</subfield>
  </datafield>
  <datafield tag="040" ind1=" " ind2=" ">
   <subfield code="a">DE-627</subfield>
   <subfield code="b">ger</subfield>
   <subfield code="c">DE-627</subfield>
   <subfield code="e">rakwb</subfield>
  </datafield>
  <datafield tag="041" ind1=" " ind2=" ">
   <subfield code="a">ger</subfield>
  </datafield>
  <datafield tag="044" ind1=" " ind2=" ">
   <subfield code="c">XA-CH</subfield>
  </datafield>
  <datafield tag="084" ind1=" " ind2=" ">
   <subfield code="a">63</subfield>
   <subfield code="2">sdnb</subfield>
  </datafield>
  <datafield tag="084" ind1=" " ind2=" ">
   <subfield code="a">9,10</subfield>
   <subfield code="2">ssgn</subfield>
  </datafield>
  <datafield tag="084" ind1=" " ind2=" ">
   <subfield code="a">NK 1300</subfield>
   <subfield code="2">rvk</subfield>
   <subfield code="0">(DE-625)rvk/125873:</subfield>
  </datafield>
  <datafield tag="084" ind1=" " ind2=" ">
   <subfield code="a">NB 6128</subfield>
   <subfield code="2">rvk</subfield>
   <subfield code="0">(DE-625)rvk/124171:</subfield>
  </datafield>
  <datafield tag="084" ind1=" " ind2=" ">
   <subfield code="a">GL 3051</subfield>
   <subfield code="2">rvk</subfield>
   <subfield code="0">(DE-625)rvk/41446:11808</subfield>
  </datafield>
  <datafield tag="084" ind1=" " ind2=" ">
   <subfield code="a">15.07</subfield>
   <subfield code="2">bkl</subfield>
  </datafield>
  <datafield tag="084" ind1=" " ind2=" ">
   <subfield code="a">15.20</subfield>
   <subfield code="2">bkl</subfield>
  </datafield>
  <datafield tag="100" ind1="1" ind2=" ">
   <subfield code="a">Burckhardt, Jacob</subfield>
   <subfield code="d">1818-1897</subfield>
   <subfield code="0">(DE-588)11851752X</subfield>
   <subfield code="0">(DE-627)134191218</subfield>
   <subfield code="0">(DE-576)160484456</subfield>
   <subfield code="4">aut</subfield>
  </datafield>
  <datafield tag="245" ind1="1" ind2="0">
   <subfield code="a">Bilder des Ewigen</subfield>
   <subfield code="b">ein kulturgeschichtliches Lesebuch</subfield>
   <subfield code="c">Jacob Burckhardt. Hrsg. von Hanno Helbling</subfield>
  </datafield>
  <datafield tag="250" ind1=" " ind2=" ">
   <subfield code="a">1. Aufl.</subfield>
  </datafield>
  <datafield tag="263" ind1=" " ind2=" ">
   <subfield code="a">Ln. : DM 58.80, sfr 52.20, S 435.00 ; Ldr. : DM 118.00, sfr 105.00, S 873.00</subfield>
  </datafield>
  <datafield tag="264" ind1=" " ind2="1">
   <subfield code="a">Zürich</subfield>
   <subfield code="b">Manesse-Verl.</subfield>
   <subfield code="c">1997</subfield>
  </datafield>
  <datafield tag="300" ind1=" " ind2=" ">
   <subfield code="a">620 S</subfield>
   <subfield code="c">18 cm</subfield>
  </datafield>
  <datafield tag="336" ind1=" " ind2=" ">
   <subfield code="a">Text</subfield>
   <subfield code="b">txt</subfield>
   <subfield code="2">rdacontent</subfield>
  </datafield>
  <datafield tag="337" ind1=" " ind2=" ">
   <subfield code="a">ohne Hilfsmittel zu benutzen</subfield>
   <subfield code="b">n</subfield>
   <subfield code="2">rdamedia</subfield>
  </datafield>
  <datafield tag="338" ind1=" " ind2=" ">
   <subfield code="a">Band</subfield>
   <subfield code="b">nc</subfield>
   <subfield code="2">rdacarrier</subfield>
  </datafield>
  <datafield tag="490" ind1="0" ind2=" ">
   <subfield code="a">Manesse-Bibliothek der Weltgeschichte</subfield>
  </datafield>
  <datafield tag="583" ind1="1" ind2=" ">
   <subfield code="a">Archivierung/Langzeitarchivierung gewährleistet</subfield>
   <subfield code="f">SSG</subfield>
   <subfield code="x">XA-DE-BW</subfield>
   <subfield code="2">pdager</subfield>
   <subfield code="5">DE-16</subfield>
  </datafield>
  <datafield tag="655" ind1=" " ind2="7">
   <subfield code="a">Aufsatzsammlung</subfield>
   <subfield code="0">(DE-588)4143413-4</subfield>
   <subfield code="0">(DE-627)105605727</subfield>
   <subfield code="0">(DE-576)209726091</subfield>
   <subfield code="2">gnd-content</subfield>
  </datafield>
  <datafield tag="689" ind1="0" ind2="0">
   <subfield code="d">s</subfield>
   <subfield code="0">(DE-588)4079158-0</subfield>
   <subfield code="0">(DE-627)106075454</subfield>
   <subfield code="0">(DE-576)209211148</subfield>
   <subfield code="a">Weltgeschichte</subfield>
   <subfield code="2">gnd</subfield>
  </datafield>
  <datafield tag="689" ind1="0" ind2=" ">
   <subfield code="5">DE-101</subfield>
  </datafield>
  <datafield tag="689" ind1="1" ind2="0">
   <subfield code="d">s</subfield>
   <subfield code="0">(DE-588)4079158-0</subfield>
   <subfield code="0">(DE-627)106075454</subfield>
   <subfield code="0">(DE-576)209211148</subfield>
   <subfield code="a">Weltgeschichte</subfield>
   <subfield code="2">gnd</subfield>
  </datafield>
  <datafield tag="689" ind1="1" ind2=" ">
   <subfield code="5">(DE-627)</subfield>
  </datafield>
  <datafield tag="700" ind1="1" ind2=" ">
   <subfield code="a">Helbling, Hanno</subfield>
   <subfield code="d">1930-2005</subfield>
   <subfield code="e">Hrsg.</subfield>
   <subfield code="0">(DE-588)118928333</subfield>
   <subfield code="0">(DE-627)079705774</subfield>
   <subfield code="0">(DE-576)161366848</subfield>
   <subfield code="4">edt</subfield>
  </datafield>
  <datafield tag="787" ind1="0" ind2="8">
   <subfield code="i">Rezension</subfield>
   <subfield code="a">Schlink, Wilhelm, 1939 - 2018</subfield>
   <subfield code="t">[Rezension von: Jacob Burckhardt, Bilder des Ewigen]</subfield>
   <subfield code="d">1997</subfield>
   <subfield code="w">(DE-627)1543767761</subfield>
   <subfield code="w">(DE-576)473767767</subfield>
  </datafield>
  <datafield tag="935" ind1=" " ind2=" ">
   <subfield code="i">Blocktest</subfield>
  </datafield>
  <datafield tag="936" ind1="r" ind2="v">
   <subfield code="a">NK 1300</subfield>
   <subfield code="b">Einzelbeiträge</subfield>
   <subfield code="k">Geschichte</subfield>
   <subfield code="k">Weltgeschichte, Darstellungen Allgemeine Geschichte einzelner Staaten und Völker Teilgebiete der Geschichte, Sammelwerke</subfield>
   <subfield code="k">Weltgeschichte und allgemeine Geschichte der  Staaten und Völker</subfield>
   <subfield code="k">Weltgeschichte</subfield>
   <subfield code="k">Einzelbeiträge</subfield>
   <subfield code="0">(DE-627)1270943790</subfield>
   <subfield code="0">(DE-625)rvk/125873:</subfield>
   <subfield code="0">(DE-576)200943790</subfield>
  </datafield>
  <datafield tag="936" ind1="r" ind2="v">
   <subfield code="a">NB 6128</subfield>
   <subfield code="b">Burckhardt, Jacob (Historiker)</subfield>
   <subfield code="k">Geschichte</subfield>
   <subfield code="k">Geschichte als Wissenschaft und Unterrichtsfach</subfield>
   <subfield code="k">Geschichte der Geschichtsschreibung und der Geschichtswissenschaft</subfield>
   <subfield code="k">Historiker vom 19. Jahrhundert bis zur Gegenwart</subfield>
   <subfield code="k">Deutschsprachige Historiker</subfield>
   <subfield code="k">Einzelne Historiker</subfield>
   <subfield code="k">Historiker B</subfield>
   <subfield code="k">Burckhardt, Jacob (Historiker)</subfield>
   <subfield code="0">(DE-627)1271448777</subfield>
   <subfield code="0">(DE-625)rvk/124171:</subfield>
   <subfield code="0">(DE-576)201448777</subfield>
  </datafield>
  <datafield tag="936" ind1="r" ind2="v">
   <subfield code="a">GL 3051</subfield>
   <subfield code="b">Einzelausgaben</subfield>
   <subfield code="k">Germanistik. Niederlandistik. Skandinavistik</subfield>
   <subfield code="k">Deutsche Literatur</subfield>
   <subfield code="k">Das 19. Jahrhundert</subfield>
   <subfield code="k">Einzelne Autoren</subfield>
   <subfield code="k">Autoren B</subfield>
   <subfield code="k">Burckhardt, Jacob</subfield>
   <subfield code="k">Einzelausgaben</subfield>
   <subfield code="0">(DE-627)1272071367</subfield>
   <subfield code="0">(DE-625)rvk/41446:11808</subfield>
   <subfield code="0">(DE-576)202071367</subfield>
  </datafield>
  <datafield tag="936" ind1="b" ind2="k">
   <subfield code="a">15.07</subfield>
   <subfield code="j">Kulturgeschichte</subfield>
   <subfield code="0">(DE-627)181569620</subfield>
  </datafield>
  <datafield tag="936" ind1="b" ind2="k">
   <subfield code="a">15.20</subfield>
   <subfield code="j">Allgemeine Weltgeschichte</subfield>
   <subfield code="0">(DE-627)106419331</subfield>
  </datafield>
  <datafield tag="951" ind1=" " ind2=" ">
   <subfield code="a">BO</subfield>
  </datafield>
  <datafield tag="990" ind1=" " ind2=" ">
   <subfield code="a">Weltgeschichte</subfield>
  </datafield>
  <datafield tag="990" ind1=" " ind2=" ">
   <subfield code="a">Weltgeschichte</subfield>
  </datafield>
  <datafield tag="991" ind1=" " ind2=" ">
   <subfield code="a">Rezensiertes Werk</subfield>
  </datafield>
  <datafield tag="999" ind1=" " ind2=" ">
   <subfield code="a">KXP-PPN224586378</subfield>
   <subfield code="e">4008379126</subfield>
  </datafield>
 </record>
</collection>
